005240000a2200121000450024501670000004400130016704100140018065100300019470000210022470000220024510000300026777301050029710aVariación morfométrica en poblaciones naturalizadas y domesticadas de la tilapia del Nilo Oreochromis Niloticus (Teleostei: Cichlidae) en el norte de Colombia aColombia0 aEspañol 4pColombialRegión Caribe1 aAcero P., Arturo1 aBlanco R., Jacobo1 aNarváez B., Juan Carlos1 tRevista de la Academia Colombiana de ciencias exactas, físicas y naturalesh112q383-394d2005g29